000 01021nam a22002897a 4500
999 _c1063
_d1063
001 001401
003 CoMeUDC001401
005 20190215172115.0
008 130821s2004 ck gr spa
020 _a9586483762
082 0 4 _a364.168
_220
100 1 _aCano C., Miguel
_dC.P.T
245 1 0 _aAuditoría forense en la investigación criminal del lavado de dinero y activos /
_cMiguel Cano C. y Danilo Lugo C
250 _a2a. Ed.
260 _aBogotá (Colombia)
_bEcoe Ediciones
_c2004
300 _a365 páginas
_e1 CD-ROM
490 _aTextos Universitarios.
_aContabilidad
505 _aNormativa -- la prueba -- flujos de efectivo -- modalidades -- técnicas de investigación
546 _aEspañol
650 0 4 _aAuditoría
_xLegislación
_99745
650 0 4 _aDelitos económicos
_912595
650 0 4 _aDerecho penal
_912805
650 0 4 _aLavado de dinero
_918294
650 0 4 _aMoneda
_xLegislación
_919708
700 1 _aLugo C., Danilo
942 _cBK
_a8
_e2
_mC227a
_2ddc
_h364.168